000 00823cam a22002773a 4500
001 1739
003 PGUSA
005 20140828083005.0
008 990501s1999||||xxu|||||s|||||000 | eng d
040 _aPGUSA
_beng
042 _adc
050 4 _aRC
100 1 _aHecker, J. F. C.
_q(Justus Friedrich Carl),
_d1795-1850
245 1 4 _aThe Black Death, and The Dancing Mania
_h[electronic resource] /
_cJ. F. C. Hecker
260 _bProject Gutenberg,
_c1999
506 _aPublic domain in the USA.
516 _aElectronic text
653 _aChorea, Epidemic
653 _aEpidemics
653 _aBlack Death
700 1 _aMorley, Henry,
_d1822-1894
700 1 _aBabington, B. G.
_q(Benjamin Guy),
_d1794-1866
830 0 _aProject Gutenberg
_v1739
856 4 0 _uhttp://www.gutenberg.org/ebooks/1739
942 _cEB
999 _c231085
_d231085